| 000 | 00697nam a2200205 a 4500 | ||
|---|---|---|---|
| 001 | 3414 | ||
| 003 | CDMR | ||
| 005 | 20130326183456.0 | ||
| 008 | 130130s1914||||||||||||||||||||||||||||d | ||
| 040 |
_aCDMR _bcat _cCDMR |
||
| 100 | 1 |
_aSarda, Joan _92457 |
|
| 245 | 1 | 0 |
_aSemblanzas _cJuan Sardá _b: crónicas sociales, de costumbres, políticas, barcelonesas, etc. : estudios jurídicos |
| 260 |
_aBarcelona _c1914 _bLibrería de Francisco Puig y Alfonso |
||
| 300 |
_a352 ; _c20 cm |
||
| 490 | 0 |
_aObras escogidas. Serie castellana _v2 |
|
| 500 | _aIndex onomàstic dels 3 v. al final de l'obra | ||
| 650 | 0 | 4 |
_aPeriodistes catalans _vArticles _94 |
| 700 | 1 |
_aLluhí Rissech, J. _92460 |
|
| 942 |
_cMON _2udc |
||
| 999 |
_c3414 _d3414 |
||